Импульсная электрическая прочность воды и гранита; Вестник науки Сибири; № 1 (2)
| Parent link: | Вестник науки Сибири: электронный научный журнал/ Томский политехнический университет (ТПУ).— , 2011-.— 2226-0064 № 1 (2).— 2012.— [С. 79-85] |
|---|---|
| Glavni avtor: | |
| Drugi avtorji: | |
| Izvleček: | Заглавие с титульного листа Проведены исследования вольтсекундных характеристик воды и гранита при пробое на спаде косоугольного импульса напряжения с целью реализации электроимпульсного эффекта. Показана возможность 100% пробоя воды и гранита в определённом временном интервале. При этом пробивные напряжения гранита на спаде в 1,5 раза меньше, чем при пробое на фронте. |
| Jezik: | ruščina |
| Izdano: |
2012
|
| Serija: | Инженерные науки |
| Teme: | |
| Online dostop: | http://earchive.tpu.ru/handle/11683/15873 |
| Format: | MixedMaterials Elektronski Book Chapter |
| KOHA link: | https://koha.lib.tpu.ru/cgi-bin/koha/opac-detail.pl?biblionumber=478670 |
MARC
| LEADER | 00000naa2a2200000 4500 | ||
|---|---|---|---|
| 001 | 478670 | ||
| 005 | 20231101093154.0 | ||
| 035 | |a (RuTPU)RU\TPU\prd\145504 | ||
| 035 | |a RU\TPU\prd\145499 | ||
| 090 | |a 478670 | ||
| 100 | |a 20120702d2012 k y0rusy50 ca | ||
| 101 | 0 | |a rus | |
| 102 | |a RU | ||
| 135 | |a drnn ---uucaa | ||
| 181 | 0 | |a i | |
| 182 | 0 | |a b | |
| 200 | 1 | |a Импульсная электрическая прочность воды и гранита |f В. Ф. Важов, Н. В. Козлова | |
| 203 | |a Текст |c электронный | ||
| 215 | |a 1 файл (530 Кб) | ||
| 225 | 1 | |a Инженерные науки | |
| 230 | |a Электронные текстовые данные (1 файл : 530 Кб) | ||
| 300 | |a Заглавие с титульного листа | ||
| 320 | |a [Библиогр.: с. 84-85 (14 назв.)] | ||
| 330 | |a Проведены исследования вольтсекундных характеристик воды и гранита при пробое на спаде косоугольного импульса напряжения с целью реализации электроимпульсного эффекта. Показана возможность 100% пробоя воды и гранита в определённом временном интервале. При этом пробивные напряжения гранита на спаде в 1,5 раза меньше, чем при пробое на фронте. | ||
| 337 | |a Adobe Reader | ||
| 461 | 1 | |0 (RuTPU)RU\TPU\prd\143680 |x 2226-0064 |t Вестник науки Сибири |o электронный научный журнал |f Томский политехнический университет (ТПУ) |d 2011- | |
| 463 | 1 | |0 (RuTPU)RU\TPU\prd\145194 |t № 1 (2) |v [С. 79-85] |d 2012 | |
| 610 | 1 | |a вода | |
| 610 | 1 | |a граниты | |
| 610 | 1 | |a импульсная прочность | |
| 610 | 1 | |a электрическая прочность | |
| 610 | 1 | |a вольтсекундные характеристики | |
| 610 | 1 | |a напряжение | |
| 610 | 1 | |a труды учёных ТПУ | |
| 610 | 1 | |a электронный ресурс | |
| 675 | |a 622.243 |v 3 | ||
| 700 | 1 | |a Важов |b В. Ф. |c специалист в области энергетики |c доцент Томского политехнического университета, кандидат технических наук |f 1939- |g Владислав Фёдорович |2 stltpush |3 (RuTPU)RU\TPU\pers\26506 | |
| 701 | 1 | |a Козлова |b Н. В. |c экономист |c старший преподаватель Томского политехнического университета |f 1966- |g Наталия Владиславовна |2 stltpush |3 (RuTPU)RU\TPU\pers\29717 | |
| 801 | 1 | |a RU |b 63413507 |c 20090623 |g PSBO | |
| 801 | 2 | |a RU |b 63413507 |c 20180115 |g PSBO | |
| 856 | 4 | |u http://earchive.tpu.ru/handle/11683/15873 | |
| 942 | |c BK | ||